| 000 | 00000nam 2200000zi 4500 |
| 001 | 9.915788 |
| 003 | CaOODSP |
| 005 | 20240605153651 |
| 006 | m o d f |
| 007 | cr ||||||||||| |
| 008 | 220928s2022 onca o f000 0 eng d |
| 020 | |a9780660456430 |
| 040 | |aCaOODSP|beng|erda|cCaOODSP |
| 043 | |an-cn--- |
| 086 | 1 |aH114-49/2022E-PDF |
| 245 | 00|aMaximum residue limits (MRLs) in Canada. |
| 264 | 1|a[Ottawa] : |bHealth Canada = Santé Canada, |c[2022] |
| 300 | |a1 online resource (1 unnumbered page) : |billustrations |
| 336 | |atext|btxt|2rdacontent |
| 337 | |acomputer|bc|2rdamedia |
| 338 | |aonline resource|bcr|2rdacarrier |
| 500 | |aIssued also in French under title: Limites maximales de résidus (LMR) au Canada. |
| 650 | 0|aPesticide residues in food|xStandards|zCanada. |
| 650 | 0|aPesticides|xLaw and legislation|zCanada. |
| 710 | 1 |aCanada. |bHealth Canada, |eissuing body. |
| 775 | 08|tLimites maximales de résidus (LMR) au Canada.|w(CaOODSP)9.915790 |
| 794 | |tMaximum residue limits (MRLs) in Canada.|w(CaOODSP)9.939041 |
| 856 | 40|qPDF|s172 KB|uhttps://publications.gc.ca/collections/collection_2023/sc-hc/H114-49-2022-eng.pdf |